Türkiye'de iş mücadeleleri (Record no. 3093)

MARC details
000 -BAŞLIK
Sabit Uzunlukta Kontrol Alanı 00577na a2200217 4500
001 - KONTROL NUMARASI
Denetim Alanı 18332
003 - KONTROL NUMARASI IDENTIFIER
Denetim Alanı MIRAKIL
005 - SON İŞLEM TARİHİ VE ZAMANI
Denetim Alanı 20181213154920.0
008 - SABİT-BOY VERİ ELEMANLARI - GENEL BİLGİLER
Sabit Uzunlukta Kontrol Alanı 161116b tu 000 0
040 ## - KATALOGLAMA KAYNAK
Orijinal Kataloglama Ajansı Milas
Kataloglama Dili tur
Metne Dönüştürmek Ajansı TR-AnCHP
041 ## - DİL KODU
Metin / Ses Parça Veya Ayrı Başlığın Dil Kodu tur
082 ## - DEWEY ONLU SINIFLANDIRMA NUMARASI
Sınıflandırma Numarası 331.8
Ürün Numarası E45t 1969
090 ## - SINIFLAMA NUMARASI
Sınıflama Numarası 331.8 E45t 1969
100 ## - ANA GİRİŞ - KİŞİSEL İSİM
Kişisel Ad Ekin, Nusret
245 ## - BAŞLIK TABLOSU
Başlık Türkiye'de iş mücadeleleri
Sorumluluk Tablosu, Vb Nusret Ekin
260 ## - YAYIN, DAĞITIM, VB
Yayın, Dağıtım, Vb Yeri İstanbul
Yayıncı, Dağıtıcı, Vs Adı [yayl.y.]
Yayın, Dağıtım, Vb Tarihi 1969
300 ## - FİZİKSEL TANIM
Kapsam 219 s.
Boyutlar 22 sm.
500 ## - GENEL NOT
Genel Not Yapıt yazarından imzalıdır
650 ## - KONU KATMA GİRİŞ - TOPİKAL DÖNEM
Topikal Süreli Veya Coğrafi Ad Giriş Elemanı İş uyuşmazlığı
Coğrafi Alt Bölümü Türkiye
942 ## - EKLENDİ GİRİŞ ELEMANLARI (KOHA)
Sınıflandırma Veya Raf Düzeni Kaynak
Koha Öğesi Türü Books
999 ## - SİSTEM KONTROL NUMARALARI (KOHA)
Koha Biblionumber 3093
Koha Biblioitemnumber 3093
Holdings
Kalıcı Konum Mevcut Konum Edinme Tarihi Edinim Kaynak Toplam Check-Out'Lar Tam Çağrı Numarası Barkod Tarih Son Görülme İtibaren Geçerli Fiyatlar Koha Öğesi Türü
CHP Kütüphanesi CHP Kütüphanesi 11/16/2016 Bağış   331.8 E45t 1969 009853 11/16/2016 11/16/2016 Books